000 00459nam a2200145 4500
008 151102b xxu||||| |||| 00| 0 eng d
020 _a9780739476468
050 _aPS 3557 .I433G55 1988
100 _aGilman, Dorothy
_d1988
245 _aAround the World with Mrs. Pollifax
_cDorothy Gilman
260 _aNew York:
_bMystery Guild,
_c1988.
300 _a440p.:
650 _aEnglish Fiction
942 _2lcc
_cBOOKS
_hPS 3557 .I433G55 1988
999 _c9789
_d9789